PLANUTFORMNING AU BOSTADSRUM. FORSLAG TILL MATTUNDERLAG OCH DIMENSIONERINGSPRINCIPER SAMT PLANEXEMPEL.

Guardat en:
Dades bibliogràfiques
Autor principal: THIBERG, ALICE
Format: Llibre
Idioma:English
Publicat: STATENS INSITUT FOR BYGGNADSFORSKNING, 1970. 88P. (BYGGFORSKNINGEN. RAPPORT, 1970%R41) TITLE ALSO% ROOM LAYOUTS. SUMMARY IN ENGLISH.
Matèries:
LEADER 00892nam a2200205 a 4500
001 c000297266
003 CARM
005 20061111053733.0
008 950911s1970 0 eng r
019 1 |a 70237663  |5 LACONCORD2021 
035 |a (OCoLC)1286064320  |5 LACONCORD2021 
082 0 4 |a 729.24 T426 
100 1 |a THIBERG, ALICE. 
245 1 0 |a PLANUTFORMNING AU BOSTADSRUM. FORSLAG TILL MATTUNDERLAG OCH DIMENSIONERINGSPRINCIPER SAMT PLANEXEMPEL. 
260 |a STATENS INSITUT FOR BYGGNADSFORSKNING, 1970. 88P. (BYGGFORSKNINGEN. RAPPORT, 1970%R41) TITLE ALSO% ROOM LAYOUTS. SUMMARY IN ENGLISH. 
650 0 |a Room layout (Dwellings) 
740 0 |a ROOM LAYOUTS. 
852 8 |b CARM  |h A3:AF37E0  |i F07408  |p 0549901  |f BK 
999 f f |i 09306b4e-6341-50c5-bc81-e80dfa78a640  |s 67f949a6-60e0-5b54-9a18-d41d4a0c613c 
952 f f |p Can circulate  |a CAVAL  |b CAVAL  |c CAVAL  |d CARM 1 Store  |e F07408  |f A3:AF37E0  |h Other scheme  |i book  |m 0549901